000 02924nam a2200229Ia 4500
003 IT-RoPAU
005 20220918175728.0
008 120407s9999 xx 000 0 und d
040 _aIT-RoPAU
040 _cIT-RoPAU
041 _aita
100 _aGiacomo Alberione
_qFondatore Famiglia Paolina
_940
245 _aPrediche del Rev. Primo Maestro
_bMarzo-Dicembre 1954 Edizioni Paoline
250 _a1
260 _aRoma
_bFSP
_c1957
300 _a175 p.
_c18 cm
490 _vEdizioni Paoline
_a1
500 _aPubblichiamo le presenti prediche così come le abbiamo potute prendere dalla viva voce del Reverendissimo Primo Maestro
520 _aIndice Giovedì santo pag. 5 Festa di S. Giuseppe >> 8 Via crucis >> 11 Festa della Regina degli Apostoli >> 22 Per la Canonizzazione di Pio X >> 27 Festa dell' Ascensione >> 33 Festa liturgica della Regina degli Apostoli >> 39 Domenica fra l' ottava dell' Ascensione >> 43 Divozione alla Regina Apostolorum ( santificazione della mente >> 49 Addolorata >> 51 S.Messa >> 58 Preparazione al mese di Ottobre >> 64 Apostolato della Preghiera >> 68 Apostolato del buon esempio >> 74 La mortificazione >> 80 La vocazione >> 86 Recita del Rosario >> 92 Vita sociale >> 96 Che cos' è la chiesa >> 106 Ora di adorazione >> 113 Particolarità della nostra chiesa >> 120 I nostri defunti >> 124 La Redenzione >> 130 Tecnica e propaganda >> 136 Vita Religiosa Paolina >> 142 Ordinazione dei Sacerdoti >> 148 I Cooperatori >> 153 Le Famiglie Paoline >> 160 Propositi al termine dell' Anno Mariano >> 166
942 _cBK
_2ddc
999 _c27243
_d27243